000 00684nam a2200205Ii 4500
003 JO-AjNU
008 230605s9999||||xx |||||||||||||| ||und||
040 _aJO-AjNU
_bara
_erda
_cJO-AjNU
041 _aara
050 1 4 _aB56.M8396.1968
100 3 _aموسى،محمد يوسف ,
_eauthor
_914992
245 0 0 _aبين الدين والفلسفة في رأي ابن رشد وفلاسفة العصر الوسيط
250 _aط2
264 3 1 _aالقاهرة:دار المعارف بمصر ، 1968
300 _a240ص
336 _atext
_btxt
_2rdacontent
337 _aunmediated
_bn
_2rdamedia
338 _avolume
_bnc
_2rdacarrier
650 4 _a فلسفة إسلامية
_914993
999 _aA4130
_c7698
_d7698